书目信息 |
| 题名: |
统治阶级(《政治科学原理》)
|
|
| 作者: | 莫斯卡 著 ;贾鹤鹏 译 | |
| 分册: | ||
| 出版信息: | 南京 译林出版社 2002 |
|
| 页数: | 639页 | |
| 开本: | 20cm | |
| 丛书名: | 人文与社会译丛 | |
| 单 册: | ||
| 中图分类: | D01 | |
| 科图分类: | ||
| 主题词: | 统治阶级--理论研究 | |
| 电子资源: | ||
| ISBN: | 7-80657-445-X | |
| 000 | 00776nam2 2200241 45 | |
| 001 | 0404291547 | |
| 005 | 20040429155628.5 | |
| 010 | @a7-80657-445-X@dCNY30.80 | |
| 100 | @a20040429d2002 km y0chiy0120 ea | |
| 101 | 0 | @achi@cita |
| 105 | @a z 000yy | |
| 200 | 1 | @a统治阶级(《政治科学原理》)@ATong Zhi Jie Ji(《Zheng Zhi Ke Xue Yuan Li》)@f(意)加塔诺·莫斯卡著@F(Yi)Jia Ta Nuo·Mo Si Ka Zhu@g贾鹤鹏译 |
| 210 | @a南京@c译林出版社@d2002 | |
| 215 | @a639页@d20cm | |
| 225 | @a人文与社会译丛@f刘东主编 | |
| 410 | @12001 @a人文与社会译丛 | |
| 410 | @1700 0@a刘东@ALiu Dong@4主编 | |
| 606 | 0 | @a统治阶级@x理论研究 |
| 690 | @aD01@v4 | |
| 701 | 0 | @a莫斯卡@4著 |
| 702 | 0 | @a贾鹤鹏@AJia He Peng@4译 |
| 801 | @aCN@bTSTC@c20040429 | |
| 905 | @b332097-099@dD01@e107@f3 | |
| 统治阶级(《政治科学原理》)/(意)加塔诺·莫斯卡著/贾鹤鹏译.-南京:译林出版社,2002 |
| 639页;20cm.-(人文与社会译丛/刘东主编) |
| ISBN 7-80657-445-X:CNY30.80 |
| ● |
| 相关链接 |
|
|
|
|
正题名:统治阶级(《政治科学原理》)
索取号:D01/107
 
预约/预借
| 序号 | 登录号 | 条形码 | 馆藏地/架位号 | 状态 | 备注 |
| 1 | 0332097 | 203320977 | 第一借阅区/ [索取号:D01/107] | 在馆 | |
| 2 | 0332098 | 203320986 | 第一借阅区/ [索取号:D01/107] | 在馆 | |
| 3 | 0332099 | 203320995 | 第一样本阅览室/ [索取号:D01/107] | 在馆 |